Пионеры и перевыборы Советов

RUSMARC
00003998nac2a22002773x 450
0018cf66360-de92-4a96-8b1a-f4a5dc7dee26
00520250731043633.0
100##$a20250617l19281928k y0rusy50 ca
1010#$arus
102##$aRU
105##$ay z |||||
1222#$ad19281121
$ad19281215
2001#$aПионеры и перевыборы Советов
$j21.11.1928 - 15.12.1928
215##$a34 листа
$d38,2 х 24,5
251##$cДело
300##$aНумерация начинается с конца дела
300##$aЧасть текста машинописная с рукописными пометками, часть - напечатана типографским способом
461#0$1001RuPRLIB520124725
$12001
$aЦЕНТРАЛЬНЫЙ ИСПОЛНИТЕЛЬНЫЙ КОМИТЕТ СССР (ЦИК СССР).
$1251
$cФонд
$1852
$gР
$j3316
462#0$1001RuPRLIB520125282
$12001
$aДела Секретариата Президиума ЦИК СССР. 1928 г.
$vД. 885
$1251
$cОпись
$1852
$j21
605##$3DITM\AF\0000002775
$aВласть
$lколлекция
$2acquisition_prlib
6101#$aПионеры
$aСоветы
$aПеревыборы
686##$a67.401.011.12ю1
$cПраво
$2rubbk
686##$a63.3(2)614-332ю1
$cИстория
$2rubbk
801#0$aRU
$bGA_RF
801#1$aRU
$bГлавНИВЦ
$c20250617
$2rusmarc
801#2$aRU
$bПБ им. Б.Н. Ельцина
$c20250731
$gRCR
$2rusmarc
852##$aГА РФ
$j885
937##$d197665359
$hГАРФ
035##$aRuPRLIB51079969
856##$uhttp://readingroom.main.prlib.ru/item.aspx?id_node=n197665359&mode=full
Формат отображения